000
00328nam a2200133Ia 4500
008
231129s9999||||xx |||||||||||||| ||spa||
020
_a
958-9018-11-4
040
_b
spa
082
_a
923.2 M392e
100
_a
Eguía Marta
245
0
_a
Karl Marx
264
_a
Cinco
942
_2
ddc
_c
BKS
999
_c
16325
_d
16325